Terrorist Group to Country - Statistics

General Stats
  • This quiz has been taken 675 times
  • The average score is 7 of 18
Answer Stats
Terror Group Country % Correct
Taliban Afghanistan
91%
IRA Ireland
81%
Khmer Rouge Cambodia
80%
Boko Haram Nigeria
63%
Aum Shinrikyo Japan
57%
Muslim Brotherhood Egypt
42%
FARC Colombia
40%
Saor Éire Ireland
37%
ETA Spain
34%
Ustaše Croatia
29%
Red Army Faction Germany
28%
Tahrir al-Sham Syria
26%
Túpac Amaru Revolutionary Movement Peru
25%
Grey Wolves Turkey
25%
Shining Path Peru
24%
Unification or Death (aka. 'Black Hand') Serbia
24%
Red Brigades Italy
22%
Ansaru Nigeria
6%
No matching quizzes found
Score Distribution
Percent of People with Each Score
Percentile by Number Answered
Your Score History
You have not taken this quiz